山口県の市町村(1968年) - Statistics

General Stats
  • This quiz has been taken 18 times
  • The average score is 16 of 56
Answer Stats
コード 市町村 備考 % Correct
35201 下関市
92%
35203 山口市
92%
35205 徳山市 2003年消滅
85%
35210 光市
85%
35211 長門市
85%
35202 宇部市
77%
35204 萩市
77%
35207 下松市
77%
35208 岩国市
77%
35209 小野田市 2005年消滅
77%
35206 防府市
69%
35212 柳井市
69%
35213 美祢市
69%
35343 熊毛郡田布施町
46%
35344 熊毛郡平生町
38%
35323 玖珂郡玖珂町 2006年消滅
31%
35345 熊毛郡熊毛町 2003年消滅
31%
35402 吉敷郡小郡町 2005年消滅
31%
35322 玖珂郡由宇町 2006年消滅
23%
35326 玖珂郡錦町 2006年消滅
23%
35341 熊毛郡上関町
23%
35403 吉敷郡阿知須町 2005年消滅
23%
35502 阿武郡阿武町
23%
35505 阿武郡むつみ村 2005年消滅
23%
35302 大島郡大島町 2004年消滅
15%
35321 玖珂郡和木村 1973年昇格
15%
35324 玖珂郡本郷村 2006年消滅
15%
35325 玖珂郡周東町 2006年消滅
15%
35327 玖珂郡大畠村 1971年昇格
15%
35328 玖珂郡美川町 2006年消滅
15%
35329 玖珂郡美和町 2006年消滅
15%
35441 豊浦郡菊川町 2005年消滅
15%
35443 豊浦郡豊浦町 2005年消滅
15%
35444 豊浦郡豊北町 2005年消滅
15%
35301 大島郡久賀町 2004年消滅
8%
35303 大島郡東和町 2004年消滅
8%
35304 大島郡橘町 2004年消滅
8%
35401 吉敷郡秋穂町 2005年消滅
8%
35422 厚狭郡山陽町 2005年消滅
8%
35442 豊浦郡豊田町 2005年消滅
8%
35461 美祢郡美東町 2008年消滅
8%
35462 美祢郡秋芳町 2008年消滅
8%
35482 大津郡日置村 1978年昇格
8%
35503 阿武郡田万川町 2005年消滅
8%
35504 阿武郡阿東町 2010年消滅
8%
35342 熊毛郡大和村 1971年昇格
0%
35361 都濃郡鹿野町 2003年消滅
0%
35362 都濃郡南陽町 1970年昇格
0%
35381 佐波郡徳地町 2005年消滅
0%
35421 厚狭郡楠町 2004年消滅
0%
35481 大津郡三隅町 2005年消滅
0%
35483 大津郡油谷町 2005年消滅
0%
35501 阿武郡川上村 2005年消滅
0%
35506 阿武郡須佐町 2005年消滅
0%
35507 阿武郡旭村 2005年消滅
0%
35508 阿武郡福栄村 2005年消滅
0%
No matching quizzes found
Score Distribution
Percent of People with Each Score
Percentile by Number Answered
Your Score History
You have not taken this quiz